| 000 | 00526 a2200181 4500 | ||
|---|---|---|---|
| 001 | 132122 | ||
| 003 | OSt | ||
| 005 | 20211011163642.0 | ||
| 008 | |||
| 082 |
_a820.9003 _bH77R |
||
| 100 | 1 | _aHopkins, Lisa | |
| 245 | 1 |
_aRenaissance literature and culture _cby Lisa Hopkins and Matthew Steggle |
|
| 260 |
_aLondon _bContinuum _c2008 |
||
| 300 | _a144p. | ||
| 690 | _aEnglish literature--Early modern; Literature and society; Great Britain | ||
| 700 | _aSteggle, Matthew | ||
| 942 |
_2ddc _cBK |
||
| 999 |
_c6504 _d6504 |
||